| 000 | 00948nam a2200241 i 4500 | ||
|---|---|---|---|
| 001 | 65506 | ||
| 003 | ES-MaACL | ||
| 005 | 20250825063328.0 | ||
| 007 | t| | ||
| 008 | 040114s1909 it a||||r 00|11 ita | ||
| 100 | 1 |
_aFrezals, Jorge de _eaut _952579 |
|
| 245 | 1 | 4 |
_aLas musas delante de Jesús = _bLe muse avanti á Gesú / _cfantasía arcádica del Arcade Jorge de Frezals con traduzione italiana dell'Arcade Francesco Sabatini y con dibujos de (é con disegni di) José Nogué y Massó |
| 260 |
_aRoma : _b[s.n., _c1909] _f(Tip. Maurizio) |
||
| 300 |
_a47 páginas, 6 láminas ; _c28 cm |
||
| 650 | 7 |
_aMusas (Divinidades griegas) _2embne _9174492 |
|
| 700 | 1 |
_aSabatini, Francesco _etrl _9101189 |
|
| 700 | 1 |
_aNogué Massó, José, _d1880-1973 _eill _985856 |
|
| 740 | 3 | 2 | _aLe muse avanti á Gesú |
| 852 | 4 |
_aES-MaACL _cDEPOF _jT-1187-F-12 |
|
| 942 |
_2udc _cFOLLETOS _n0 |
||
| 999 |
_c65506 _d65506 |
||